000 00359 a2200157 4500
001 190914
020 _a978-85-360-0926-1
040 _cMagnum
100 _aQueirós, Bartolomeu Campos de
240 1 0 _aSei por ouvir dizer
_lpor
245 1 0 _aSei por ouvir dizer
300 _a32
362 0 _a2007
697 _aLITERATURA INFANTO-JUVENIL
942 _cBK
999 _c190914
_d190914